000 01933cam a2200409 i 4500
999 _c65732
_d65732
001 768714001
003 CO-MdFUSB
005 20200729115437.0
007 ta
008 020314t2002 enkab b 001 0 eng
010 _a 2003467696
020 _a0415276276
020 _a9780415276276
020 _a0415276284
_q(pbk.)
020 _a9780415276283
_q(pbk.)
040 _aUKM
_beng
_cCO-MdFUSB
_dUKM
_dCO-MdFUSB
_dUKV3G
_dC#P
_dMUQ
_dBAKER
_dNLGGC
_dBTCTA
_dYDXCP
_dOCLCG
_dGEBAY
_dILU
_dBDX
_dU9X
_dOCLCF
_dOCLCO
_dOCLCQ
_dDEBBG
_dOCLCQ
_dOCLCO
_dOCLCQ
_dDHA
_dOCLCQ
_dUKUOY
_dOCLCQ
_dQE2
_dOCLCQ
_erda
041 _aeng
042 _alccopycat
082 _223
_a936.01
_bB811
100 1 _aBradley, Richard,
_d1946-
_eautor
245 1 4 _aThe past in prehistoric societies /
_cRichard Bradley.
264 1 _aLondon :
_bRoutledge,
_c[2002]
264 4 _c© 2002
300 _ax, 171 páginas :
_bilustraciones, mapas ;
_c24 cm.
336 _atexto
_btxt
_2rdacontent.
337 _asin mediación
_bn
_2rdamedia.
338 _avolumen
_bnc
_2rdacarrier.
504 _aIncluye referencias bibliográficas
505 0 _a1. Introducción: la cena de Navidad de Darwin. -- 2. Reconociendo la antigüedad: hacia una arqueología de orígenes lejanos. -- 3. Entrando en el presente: legados del pasado inmediato. -- 4. Proyectando pasados ​​futuros: monumentos y la formación de la memoria. -- 5 Rehacer pasados ​​antiguos: de la revisión al renacimiento. -- 6. Conclusión: tiempos prehistóricos.
520 _aEl autor argumenta que es solo a través de una combinación de tradición oral y la experiencia de encontrar una cultura material antigua que las personas pueden formular un sentido de su propio pasado sin tener que recurrir a registros escritos.
563 _aRústico
653 _aArqueología -- historia.
942 _cBK
945 _aJTF-925
_bAEM-53